Gender blender

Bibliographic Details
Main Author: Nelson,Blake
Format: Book
Published: New York : Delacorte Press , 2006
Subjects:

MARC

LEADER 00000cam a2200000 7i4500
001 0000007766
005 20160330.0
008 070406
020 |a 0385746962 
090 0 0 |a NEL   |b ENG (4773) 
100 1 |a Nelson,Blake 
245 1 0 |a Gender blender   |c Blake Nelson 
260 |a New York :   |b Delacorte Press ,   |c 2006 
500 |a Teenager ages 13-18 years old (blue) 
650 0 |a Middle schools   |x fiction 
650 0 |a Sex role 
650 0 |a Teenagers   |x Malay   |x Languages 
999 |a 0000991389   |b Book   |c Teenagers   |e Perbadanan Perpustakaan Awam Johor 
999 |a 0000991390   |b Book   |c Teenagers   |e Perbadanan Perpustakaan Awam Johor